书目信息 |
| 题名: |
如何抽样
|
|
| 作者: | 芬克 著 ;黄卫斌 译 | |
| 分册: | ||
| 出版信息: | 北京 中国劳动社会保障出版社 2004 |
|
| 页数: | 75页 | |
| 开本: | 21cm | |
| 丛书名: | 调研工具箱丛书 | |
| 单 册: | ||
| 中图分类: | C3 | |
| 科图分类: | ||
| 主题词: | 采样--方法 , 社会科学--研究方法 | |
| 电子资源: | ||
| ISBN: | 7-5045-4440-X | |
| 000 | 01012oam2 2200301 45 | |
| 001 | 020000025323 | |
| 005 | 20051223110109.25 | |
| 010 | @a7-5045-4440-X@dCNY6.50 | |
| 092 | @aCN | |
| 100 | @a20041203d2004 ekmy0chiy0120 ea | |
| 101 | 1 | @achi@ceng |
| 105 | @ay az 000yy | |
| 200 | 1 | @a如何抽样@9ru he chou yang@d= How to Sample in Surveys@f(美)阿琳·芬克著@F(mei)a lin·fen ke zhu@g黄卫斌译@zeng |
| 210 | @a北京@c中国劳动社会保障出版社@d2004 | |
| 215 | @a75页@d21cm | |
| 225 | 2 | @a调研工具箱丛书@v7 |
| 305 | @a本书原版英文版为第2版,中文译文版为第1版 | |
| 330 | @a本书以指导读者选择和使用适当的抽样方法为目标,涉及区别目标总体和样本、选择适当的概率抽样和非概率抽样方法等内容。 | |
| 461 | 0 | @12001 @a调研工具箱丛书 |
| 510 | 1 | @aHow to Sample in Surveys@zeng |
| 606 | 0 | @a采样@x方法 |
| 606 | 0 | @a社会科学@x研究方法 |
| 690 | @aC3@v4 | |
| 701 | 0 | @a芬克@Afen ke@4著 |
| 702 | 0 | @a黄卫斌@9huang wei bin@4译 |
| 801 | 0 | @aCN@bCXYBOOK@c20051223 |
| 905 | @a10447@dC3@e167:7 | |
| 999 | @aHSJ@eSue | |
| 如何抽样= How to Sample in Surveys/(美)阿琳·芬克著/黄卫斌译.-北京:中国劳动社会保障出版社,2004 |
| 75页;21cm.-(调研工具箱丛书;7) |
| ISBN 7-5045-4440-X:CNY6.50 |
| 本书以指导读者选择和使用适当的抽样方法为目标,涉及区别目标总体和样本、选择适当的概率抽样和非概率抽样方法等内容。 |
| ● |
| 相关链接 |
|
|
|
|
正题名:如何抽样
索取号:C3/167:7
 
预约/预借
| 序号 | 登录号 | 条形码 | 馆藏地/架位号 | 状态 | 备注 |
| 1 | 0372385 | 203723854 | 第一样本阅览室/ [索取号:C3/167:7] | 在馆 | |
| 2 | 0372386 | 203723863 | 第一借阅区/ [索取号:C3/167:7] | 在馆 | |
| 3 | 0372387 | 203723872 | 第一借阅区/ [索取号:C3/167:7] | 在馆 | |
| 4 | 0372388 | 203723881 | 第一借阅区/ [索取号:C3/167:7] | 在馆 | |
| 5 | 0372389 | 203723890 | 第一借阅区/ [索取号:C3/167:7] | 在馆 | |
| 6 | 0372390 | 203723907 | 第一借阅区/ [索取号:C3/167:7] | 在馆 |